[Event "TUR Cup"]
[Site "Denizli"]
[Date "2023.07.22"]
[Round "9"]
[White "Koruoglu, Sinem"]
[Black "Yesilyurt, Hacer"]
[Result "1/2-1/2"]
[WhiteElo "1291"]
[BlackElo "1088"]
[PlyCount "99"]
[EventDate "2023.07.16"]
[EventType "team-tourn"]
[EventRounds "9"]
[EventCountry "TUR"]
[SourceTitle "CBM 215 Extra"]
[Source "ChessBase"]
[SourceDate "2023.09.30"]
[SourceVersion "1"]
[SourceVersionDate "2023.09.30"]
[SourceQuality "1"]

1. d4 d5 2. c4 e6 3. Nc3 Nf6 4. Nf3 Nc6 5. e3 Bb4 6. Bd2 0-0 7. a3 Bxc3 8. bxc3 Re8 9. Be2 e5 10. cxd5 Qxd5 11. c4 Qd8 12. d5 Nb8 13. 0-0 e4 14. Nd4 c6 15. dxc6 Nxc6 16. Nxc6 bxc6 17. Bc3 Qxd1 18. Rfxd1 Nd7 19. Rd6 c5 20. Rad1 Nb6 21. Ba5 Na4 22. Rb1 Be6 23. Rb5 Rec8 24. h3 g6 25. Rb3 Kg7 26. Bc3+ Kf8 27. Be5 Nb6 28. Rc3 Na4 29. Rc2 Nb6 30. Bg4 Bxg4 31. hxg4 Ke7 32. Rd1 f6 33. Bb2 a5 34. Rb1 Rab8 35. Bc1 Kd7 36. Bd2 a4 37. Rcb2 Kc6 38. Bc3 f5 39. gxf5 gxf5 40. Be5 Rb7 41. Rd1 Nxc4 42. Rxb7 Kxb7 43. Rb1+ Kc6 44. Bf6 Nxa3 45. Ra1 Nb5 46. Rxa4 Kd5 47. Ra1 c4 48. Kf1 c3 49. Rc1 Kc4 50. Ke2 1/2-1/2

[Event "TUR Cup"]
[Site "Denizli"]
[Date "2023.07.17"]
[Round "2"]
[White "Tastekin, Ebrar Gozde"]
[Black "Yesilyurt, Hacer"]
[Result "1-0"]
[WhiteElo "1257"]
[BlackElo "1088"]
[PlyCount "36"]
[EventDate "2023.07.16"]
[EventType "team-tourn"]
[EventRounds "9"]
[EventCountry "TUR"]
[SourceTitle "CBM 215 Extra"]
[Source "ChessBase"]
[SourceDate "2023.09.30"]
[SourceVersion "1"]
[SourceVersionDate "2023.09.30"]
[SourceQuality "1"]

1. d4 d5 2. c4 e6 3. Bg5 Nf6 4. Nc3 c6 5. e3 Be7 6. cxd5 exd5 7. Bd3 Nbd7 8. Nf3 Nb6 9. h3 0-0 10. 0-0 Re8 11. Qc2 Ne4 12. Nxe4 dxe4 13. Bxe4 Bxg5 14. Bxh7+ Kf8 15. Qc5+ Be7 16. Qh5 Bf6 17. g4 Qd5 18. g5 Bd8 1-0

[Event "TUR-ch (Women)"]
[Site "Antalya"]
[Date "2018.03.10"]
[Round "9"]
[White "Yesilyurt, Hacer"]
[Black "Turunz, Dilek"]
[Result "0-1"]
[WhiteElo "1183"]
[BlackElo "1324"]
[PlyCount "76"]
[EventDate "2018.03.05"]
[EventType "swiss"]
[EventRounds "9"]
[EventCountry "TUR"]
[SourceTitle "CBM 183 Extra"]
[Source "ChessBase"]
[SourceDate "2018.04.19"]
[SourceVersion "1"]
[SourceVersionDate "2018.04.19"]
[SourceQuality "1"]

1. e4 c5 2. Nf3 e6 3. Nc3 a6 4. d3 d5 5. exd5 exd5 6. d4 Nf6 7. Bg5 Be6 8. Bxf6 Qxf6 9. dxc5 Bxc5 10. Nxd5 Bxd5 11. Qxd5 Qxb2 12. Rd1 Bb4+ 13. Nd2 0-0 14. Qc4 Rd8 15. Bd3 Qe5+ 16. Be4 Nc6 17. f3 Bxd2+ 18. Kf2 Qd4+ 19. Qxd4 Rxd4 20. Ke2 Rad8 21. Rb1 Rb4 22. Rxb4 Bxb4 23. Rb1 a5 24. a3 Bxa3 25. Rxb7 Nd4+ 26. Ke3 Bc5 27. Kf4 Ne6+ 28. Kg4 g6 29. Kg3 Bd6+ 30. Kf2 Nc5 31. Rb5 Nxe4+ 32. fxe4 Bb4 33. Ke3 Rc8 34. Kd3 Rc3+ 35. Kd4 Rxc2 36. Rg5 Kg7 37. Kd5 Rc5+ 38. Kd4 Rxg5 0-1